Mazzini
Αποθηκεύτηκε σε:
| Κύριος συγγραφέας: | |
|---|---|
| Μορφή: | Βιβλίο |
| Γλώσσα: | English |
| Δημοσίευση: |
New Haven :
Yale University Press,
1996, 1994
|
| Θέματα: | |
| Ετικέτες: |
Προσθήκη ετικέτας
Δεν υπάρχουν, Καταχωρήστε ετικέτα πρώτοι!
|
MARC
| LEADER | 00000nam a2200000 i 4500 | ||
|---|---|---|---|
| 001 | 1/50365 | ||
| 008 | 070802s1994 eng d | ||
| 020 | |a 0-300-06884-0 (pbk.) | ||
| 035 | |l 10089438 | ||
| 040 | |a GR-MY-UA |b gre |e aacr | ||
| 041 | 0 | |a eng | |
| 082 | 0 | |a 945.083092 |2 (22) | |
| 100 | 1 | |a Mack Smith, Denis |d 1920- | |
| 245 | 1 | 0 | |a Mazzini / |c Denis Mack Smith |
| 260 | |a New Haven : |b Yale University Press, |c 1996, 1994 | ||
| 300 | |a vi, 302 σ.; |b εικ., χάρτες; |c 24 εκ. | ||
| 504 | |a Βιβλιογραφία: σ. [232]-288 | ||
| 504 | |a Περιέχει ευρετήριο | ||
| 600 | 1 | 0 | |a Mazzini Giuseppe |d 1805-1872. |
| 650 | 0 | 0 | |a Statesmen |z Italy |x Biography. |
| 650 | 0 | 0 | |a Revolutionaries |z Italy |x Biography. |
| 651 | 0 | |a Italy |x History |y 1815-1870. | |
| 852 | |a INST |b LESVOS |e 20070802 |h 945.083092 MAC |p 005100039276 |q 005100039276 |t BK |y 0 | ||
| 901 | |a BIBL1-2007-2 | ||
| 909 | |a Λ |b 137421 | ||
| 922 | |a 1ΕΛΗ |b 200707 |c ΕΠΕΑΕΚ2/ΤΚΑ |d ΕΛΕΥΘΕΡΟΥΔΑΚΗΣ | ||
| 970 | |a ΒΑΡΚΑ |b ΕΛΕΥΘΕΡΙΑ |z 2007/08/02 | ||